000 00523nam a2200157 a 4500
005 20140412111310.0
008 010503s19uu xx 00 eng d
020 _a0-86530-135-2
050 _aTR(GS 371.3
_bR39 LRC
100 _aRichards, Joanne
245 _aSchool spirit and self-esteem bulletin boards :
_beasy to make and use /
_cJoanne Richards & Marianne Standley.
260 _aNashville, Tennessee :
_bIncentive Publications, Inc,
_c1986.
300 _a63p. ; ill.
650 _aBulletin boards
999 _c103916
_d103916